Statistics for Premier League Top Scorers - Non British

Click here to take the quiz!

General Stats

  • This quiz has been taken 46 times
  • The average score is 13 of 20

Answer Stats

Answer% Correct
Thierry Henry
100%
Sergio Agüero
100%
Didier Drogba
93%
Fernando Torres
90%
Robin Van Persie
86%
Dennis Bergkamp
74%
Romelu Lukaku
69%
Robbie Keane
69%
Dimitar Berbatov
64%
Ruud Van Nistelrooy
62%
Dwight Yorke
62%
Mark Viduka
60%
Cristiano Ronaldo
60%
Jimmy Floyd Hasselbaink
57%
Ole Gunnar Solskjær
55%
Nicolas Anelka
55%
Carlos Tevez
45%
Yakubu
43%
Louis Saha
36%
Emmanuel Adebayor
29%

Score Distribution

Percentile by Number Answered

Percent of People with Each Score

Your Score History

You have not taken this quiz